000 00679nam a2200205 a 4500
001 000013158
005 20250211105136.0
008 091120s1998 dr 000 f spa d
040 _aDO-SdBNP
_bspa
_cBNPHU
082 _aRD863.44
_bS839c
100 1 _aStern Díaz, Herbert S.
_d1958-
_913913
245 1 3 _aLa cúpula /
_cHerbert Stern Díaz ; prólogo José Antonio Rodríguez.
260 _a[Santo Domingo] :
_bStella,
_c1998.
300 _a128 p. ;
_c22 cm.
590 _aInventariado, 2019/VM
650 0 _aNovela dominicana
_9223
650 0 _aLiteratura dominicana.
_967
700 1 2 _aRodríguez, José Antonio,
_epról.
_930248
910 _aValidado. Control de calidad MFF
999 _c12797
_d12797